Prinsip filem dokumentari : penilaian, penceritaan & kritikan.
| Main Author: | |
|---|---|
| Format: | Book |
| Published: |
Ampang, Selangor:
Perbadanan Kemajuan Filem Nasional Malaysia,
2008.
|
| Subjects: |
| LEADER | 00511cam a2200145 7i4500 | ||
|---|---|---|---|
| 001 | 0000027388 | ||
| 005 | 20120105090000.0 | ||
| 090 | 0 | 0 | |a B 070.18 |b UBA |
| 100 | 1 | 0 | |a Ubaidullah Mustaffa |
| 245 | 0 | 0 | |a Prinsip filem dokumentari : |b penilaian, penceritaan & kritikan. |
| 260 | 0 | 0 | |a Ampang, Selangor: |b Perbadanan Kemajuan Filem Nasional Malaysia, |c 2008. |
| 300 | # | # | |a 188p. |
| 650 | 0 | 0 | |a Documentary films -- |x Production and direction -- |z Malaysia |
| 651 | 0 | 0 | |a Malaysia |
| 999 | |a 0000029543 |b Book |c Book |e Business Information Centre | ||